000 00843nam a2200325 a 4500
003 AR-BaBNM
005 20251128205951.0
008 082120s2002 ||||||||||||||000 | spa||
020 _a950-507-262-6
040 _cAR-BaBNM
100 1 _aBrites de Vila, Gladys
245 0 0 _aUn lugar para jugar
_bel espacio imaginario
250 _a4ª ed.
260 _aBuenos Aires
_bBonum
_c1994
300 _a119 p.
490 0 _aJuegos y dinámicas
650 4 _aJUEGOS EDUCATIVOS
650 4 _aDOCENTES
650 4 _aALUMNOS
650 4 _aAPRENDIZAJE
650 4 _aACTIVIDADES JUVENILES
650 4 _aPARTICIPACION
650 4 _aDINAMICA DE GRUPO
650 4 _aJUEGO [METODO DE ENSEÑANZA]
650 4 _aMETODOS ACTIVOS
650 4 _aACTIVIDADES DE APRENDIZAJE
700 1 _aMüller, Marina
942 _cBK
998 _cMARTIN
999 _c13516
_d13516